000 00663nam a22001937a 4500
005 20230531015545.0
008 221222b |||||||| |||| 00| 0 eng d
020 _a9701-08-5509-3
082 _aFil. 371.26 C146 1993
100 _aCalderon, Jose E.
_eauthor
245 _aMeasurement and evaluation /
_cJose F. Calderon, Expectacion C. Gonzales
260 _aMandaluyong City:
_bNational Book Store,
_cc1993.
300 _a262p.
504 _aIncludes index
541 _e1696 c.1, 1697 c.2, 1698 c.3, 1699 c.4, 1700 c.5, 3339 c.6
650 _aEducational tests and measurements
650 _aEducational Evaluation
700 _aGonzales, Expectacion C.
999 _c426
_d426